Vista normal
Vista MARC
Entrada Personal Name
Número de registros utilizados en: 1
001 - CONTROL NUMBER
- control field: 17447
003 - CONTROL NUMBER IDENTIFIER
- control field: DLC
005 - DATE AND TIME OF LATEST TRANSACTION
- control field: 20250910133657.0
008 - FIXED-LENGTH DATA ELEMENTS
- fixed length control field: 790608n| azannaabn |a aaa
010 ## - LIBRARY OF CONGRESS CONTROL NUMBER
- LC control number: n 79045344
035 ## - SYSTEM CONTROL NUMBER
- System control number: (OCoLC)oca00278736
040 ## - CATALOGING SOURCE
- Original cataloging agency: DLC
- Language of cataloging: spa
- Description conventions: rda
- Transcribing agency: Mx-PuUPA
- Modifying agency: DLC
- Modifying agency: OCl
- Modifying agency: DLC
- Modifying agency: IEN
- Modifying agency: PSt
- Modifying agency: DNLM
- Modifying agency: Mx-PuUPA
046 ## - SPECIAL CODED DATES
- Birth date: 19170830
- Death date: 20030504
- Source of date scheme: edtf
100 1# - HEADING--PERSONAL NAME
- Personal name: Goode, William Josiah,
- Dates associated with a name: 1917-2003
374 ## - OCCUPATION
- Occupation: Autor
375 ## - GENDER
- Gender: hombre
377 ## - ASSOCIATED LANGUAGE
- Language code: eng
400 1# - SEE FROM TRACING--PERSONAL NAME
- Personal name: Goode, William J.
- Fuller form of name: (William Josiah)
- Dates associated with a name: 1917-2003
400 1# - SEE FROM TRACING--PERSONAL NAME
- Personal name: Gordon, William J.
- Fuller form of name: (William Josiah)
- Dates associated with a name: 1917-2003
670 ## - SOURCE DATA FOUND
- Source citation: His The sociology of primitive religion, 1946.
670 ## - SOURCE DATA FOUND
- Source citation: His The family, 1982:
- Information found: CIP t.p. (William J. Goode)
670 ## - SOURCE DATA FOUND
- Source citation: LCCN 73002324: His The second-time single man's survival handbook, 1975
- Information found: (usage: William J. Gordon [i.e. W.J. Goode])
670 ## - SOURCE DATA FOUND
- Source citation: New York times, May 8, 2003:
- Information found: obituaries (William J. Goode; sociologist specializing in family life, marriage, and divorce; b. William Josiah Goode on Aug. 30, 1917 in Houston; d. May 4, 2003 in Washington)
670 ## - SOURCE DATA FOUND
- Source citation: Info. converted from 678, 2012-10-02
- Information found: (b. 1917)